Registarske oznake u Srbiji - Statistics

General Stats
  • This quiz has been taken 44 times
  • The average score is 60 of 80
Answer Stats
Hint Answer % Correct
NS Novi Sad
97%
AR Aranđelovac
93%
BG Beograd
93%
ČA Čacak
93%
JA Jagodina
93%
KG Kragujevac
93%
Kruševac
93%
NI Niš
93%
ŠA Šabac
93%
ZR Zrenjanin
93%
AL Aleksinac
90%
GM Gornji Milanovac
90%
IN Inđija
90%
KV Kraljevo
90%
LO Loznica
90%
NP Novi Pazar
90%
PO Požarevac
90%
SU Subotica
90%
VA Valjevo
90%
VR Vranje
90%
KI Kikinda
87%
LE Leskovac
87%
PI Pirot
87%
Požega
87%
ŠI Šid
87%
SO Sombor
87%
UB Ub
87%
UE Užice
87%
ĆU Ćuprija
83%
KM Kosovska Mitrovica
83%
PA Pančevo
83%
RU Ruma
83%
BT Bačka Topola
80%
BB Bajina Bašta
80%
IC Ivanjica
80%
NG Negotin
80%
NV Nova Varoš
80%
SM Sremska Mitrovica
80%
Vršac
80%
BP Bačka Palanka
77%
BO Bor
77%
LB Lebane
77%
ZA Zaječar
77%
PB Priboj
73%
PZ Prizren
73%
SD Smederevo
73%
VP Velika Plana
73%
Bečej
70%
KL Kladovo
70%
LU Lučani
70%
PN Paraćin
70%
SJ Sjenica
70%
TO Topola
70%
TS Trstenik
70%
Knjaževac
67%
PE Peć
67%
PP Prijepolje
67%
AC Aleksandrovac
63%
DE Despotovac
63%
KA Kanjiža
63%
RA Raška
63%
ST Stara Pazova
63%
SV Svilajnac
63%
BU Bujanovac
60%
ĐA Đakovica
60%
TT Tutin
60%
VL Vlasotince
60%
VS Vrbas
60%
KC Koceljeva
57%
VB Vrnjačka Banja
57%
GL Gnjilane
53%
KO Kovin
53%
PK Prokuplje
53%
SP Smederevska Palanka
53%
SC Surdulica
47%
UR Uroševac
47%
Bogatić
40%
PR Priština
40%
SA Senta
40%
PT Petrovac
30%
No matching quizzes found
Score Distribution
Percent of People with Each Score
Percentile by Number Answered
Your Score History
You have not taken this quiz